Literatura y lengua en la educación infantil / (Record no. 82683)

MARC details
000 -CABECERA
campo de control de longitud fija 00631nam a2200205 a 4500
005 - FECHA Y HORA DE LA ÚLTIMA TRANSACCIÓN
campo de control 20240911063713.0
008 - ELEMENTOS DE LONGITUD FIJA--INFORMACIÓN GENERAL
campo de control de longitud fija 010621s1993 es r 000 0 spa d
020 ## - NÚMERO INTERNACIONAL NORMALIZADO PARA LIBROS
Número Internacional Estándar del Libro 8427118546
035 ## - NÚMERO DE CONTROL DEL SISTEMA
Número de control de sistema UPN01000108772
049 ## - COLECCIÓN
Colección CG
050 #4 - SIGNATURA TOPOGRÁFICA DE LA BIBLIOTECA DEL CONGRESO
Número de clasificación LB1049.5
Número de documento/Ítem C4.4
100 1# - ASIENTO PRINCIPAL--NOMBRE PERSONAL
Nombre de persona Cervera Sanchís, Juan,
Fechas asociadas al nombre 1933-
9 (RLIN) 37542
245 10 - MENCIÓN DE TÍTULO
Título Literatura y lengua en la educación infantil /
Mención de responsabilidad, etc. Juan Cervera.
260 ## - PUBLICACIÓN, DISTRIBUCIÓN, ETC.
Lugar de publicación, distribución, etc. Bilbao, Esp. :
Nombre del editor, distribuidor, etc. Mensajero,
Fecha de publicación, distribución, etc. [1993].
300 ## - DESCRIPCIÓN FÍSICA
Extensión 223 p.
440 #0 - MENCIÓN DE SERIE/ASIENTO SECUNDARIO--TÍTULO
Título Biblioteca pedagogía
650 #4 - ASIENTO SECUNDARIO DE MATERIA - TERMINO TEMATICO
Término de materia o nombre geográfico como elemento de entrada Lectura
Subdivisión general Estudio y enseñanza (Elemental)
9 (RLIN) 2805
650 #2 - ASIENTO SECUNDARIO DE MATERIA - TERMINO TEMATICO
Término de materia o nombre geográfico como elemento de entrada Motivación para el aprendizaje
9 (RLIN) 4875
905 ## - TIPO DE MATERIAL
Tipo de material Libro
Holdings
Estado de retiro Estado de pérdida Fuente del sistema de clasificación o colocación Estado dañado No para préstamo Código de colección Localización permanente Ubicación/localización actual Ubicación en estantería Total de préstamos Clasificación Código de barras Fecha visto por última vez Número de copia Tipo de ítem Koha Fecha de adquisición Renovaciones totales Fecha del último préstamo
    Library of Congress Classification     Colección General Bib. Gregorio Torres Quintero Bib. Gregorio Torres Quintero Planta baja 14 LB1049.5 C4.4 169868 31/12/2020 1 Libro      
    Library of Congress Classification     Colección General Bib. Gregorio Torres Quintero Bib. Gregorio Torres Quintero Planta baja 14 LB1049.5 C4.4 169866 31/12/2020 1 Libro      
    Library of Congress Classification     Colección General Bib. Gregorio Torres Quintero Bib. Gregorio Torres Quintero Planta baja 7 LB1049.5 C4.4 169867 31/12/2020 1 Libro      
    Library of Congress Classification     Colección General Bib. Gregorio Torres Quintero Bib. Gregorio Torres Quintero Planta baja 11 LB1049.5 C4.4 176613 01/08/2023 1 Libro 27/06/2023 1 27/06/2023
    Library of Congress Classification     Colección General Bib. Gregorio Torres Quintero Bib. Gregorio Torres Quintero Planta baja 9 LB1049.5 C4.4 182176 31/12/2020 1 Libro